Deutschland Startelf WM Finale 1974 - Statistiken

Allgemein
  • Dieses Quiz wurde 56 mal gespielt
  • Das Durchschnittsergebnis liegt bei 9 aus 12
Antwortstatistiken
Hint Antwort % Korrekt
Sturm Gerd Müller
98%
Abwehr Franz Beckenbauer
93%
Torwart Sepp Maier
86%
Abwehr Paul Breitner
81%
Trainer Helmut Schön
74%
Mittelfeld Uli Hoeneß
72%
Abwehr Berti Vogts
67%
Abwehr Georg Schwarzenbeck
65%
Sturm Bernd Hölzenbein
60%
Mittelfeld Wolfgang Overath
60%
Sturm Jürgen Grabowski
56%
Mittelfeld Rainer Bonhof
53%
Keine übereinstimmenden Quizze gefunden
Verteilung der Resultate
Anzahl Personen mit jedem Resultat
Perzentil nach korrekt beantworteten Fragen
Ihre Resultats-Entwicklung
Sie haben dieses Quiz noch nicht gespielt